New alliance set to boost construction standards (Record no. 65543)
[ view plain ]
| 000 -LEADER | |
|---|---|
| fixed length control field | 01121cam a2200217 4500 |
| 001 - CONTROL NUMBER | |
| control field | WB3648-03 |
| 008 - FIXED-LENGTH DATA ELEMENTS--GENERAL INFORMATION | |
| fixed length control field | 000000n2000 000 0 eng u |
| 035 ## - SYSTEM CONTROL NUMBER | |
| System control number | (Sirsi) u109861 |
| 245 ## - TITLE STATEMENT | |
| Title | New alliance set to boost construction standards |
| 260 ## - PUBLICATION, DISTRIBUTION, ETC. | |
| Date of publication, distribution, etc. | 2000 |
| 490 ## - SERIES STATEMENT | |
| Series statement | Financial Times |
| Volume/sequential designation | 7 December 2000, 7(1) |
| 520 ## - SUMMARY, ETC. | |
| Summary, etc. | After a series of disappointing projects, such as the 'wobbly' Millennium bridge, companies and government departments responsible for commissioning the bulk of construction work in Britain have joined forces in an attempt to raise standards through sharing best practices. Founding members BAA, the Highways Agency, Railtrack and MacDonald's have launched the Confederation of Construction Clients. The new body's remit will include assessing whether schemes are finished to time and cost, the number of defects and whether they comply to safety standards. |
| 590 ## - LOCAL NOTE (RLIN) | |
| Local note | WB |
| 650 ## - SUBJECT ADDED ENTRY--TOPICAL TERM | |
| Topical term or geographic name entry element | CONFEDERATION OF CONSTRUCTION CLIENTS |
| 650 ## - SUBJECT ADDED ENTRY--TOPICAL TERM | |
| Topical term or geographic name entry element | BEST PRACTICE |
| 650 ## - SUBJECT ADDED ENTRY--TOPICAL TERM | |
| Topical term or geographic name entry element | CONSTRUCTION WORK |
| 650 ## - SUBJECT ADDED ENTRY--TOPICAL TERM | |
| Topical term or geographic name entry element | REGULATION |
| 650 ## - SUBJECT ADDED ENTRY--TOPICAL TERM | |
| Topical term or geographic name entry element | STANDARDS |
| 690 ## - LOCAL SUBJECT ADDED ENTRY--TOPICAL TERM (OCLC, RLIN) | |
| Topical term or geographic name as entry element | BUILT ENVIRONMENT |
| 942 ## - ADDED ENTRY ELEMENTS (KOHA) | |
| Suppress in OPAC | 0 |
| Withdrawn status | Lost status | Source of classification or shelving scheme | Damaged status | Not for loan | Home library | Current library | Shelving location | Date acquired | Total Checkouts | Full call number | Barcode | Date last seen | Copy number | Price effective from | Koha item type |
|---|---|---|---|---|---|---|---|---|---|---|---|---|---|---|---|
| Dewey Decimal Classification | London | London | News article | 07/12/2000 | WB3648-03 | 109861-1001 | 06/08/2019 | 1 | 06/08/2019 | News article |